Guess the 1970s song lyrics #151 - Statistics

General Stats
  • This quiz has been taken 28 times
  • The average score is 128 of 190
Answer Stats
Answer % Correct
And
100%
and
100%
I
100%
the
100%
The
100%
it
96%
me
96%
what
91%
about
87%
are
87%
there
87%
to
87%
we
87%
We
87%
Why
87%
many
83%
on
83%
so
83%
So
83%
that
83%
That
83%
you
83%
All
78%
be
78%
But
78%
lovers
78%
rainbow
78%
When
78%
connection
74%
Connection
74%
it's
74%
its
74%
It's
74%
my
74%
some
74%
Songs
74%
them
74%
us
74%
we'll
74%
Who
74%
do
70%
dreamers
70%
have
70%
Have
70%
I'm
70%
of
70%
know
65%
only
65%
rainbows
65%
Rainbows
65%
see
65%
they're
65%
too
65%
nothing
61%
other
61%
side
61%
times
61%
believe
57%
find
57%
Is
57%
I've
57%
Look
57%
think
57%
this
57%
under
57%
what's
57%
What's
57%
been
52%
every
52%
hide
52%
one
52%
thought
52%
done
48%
said
48%
Would
48%
illusions
43%
might
43%
spell
43%
visions
43%
we've
43%
half
39%
ignore
39%
Somebody
39%
Someday
39%
someone
39%
something
39%
star
39%
wish
39%
asleep
35%
keeps
35%
name
35%
same
35%
told
35%
wait
35%
wrong
35%
amazing
30%
believed
30%
choose
30%
gazing
30%
heard
30%
magic
30%
voice
30%
voices
30%
calling
26%
far
26%
morning
26%
probably
26%
sound
26%
supposed
26%
wished
26%
answered
22%
calls
22%
sweet
22%
sailors
17%
young
17%
No matching quizzes found
Score Distribution
Percent of People with Each Score
Percentile by Number Answered
Your Score History
You have not taken this quiz